Fr. Conceicao Rodrigues College of Engineering

Securing the virtual environment:How to defend the enterprise against attack (Record no. 34742)

MARC details
000 -LEADER
fixed length control field 00393nam a2200157Ia 4500
082 ## - DEWEY DECIMAL CLASSIFICATION NUMBER
Classification number 5.8
Item number OTT
100 ## - MAIN ENTRY--PERSONAL NAME
Personal name Ottenheimer/Davi/ wallace/Matthew
245 ## - TITLE STATEMENT
Title Securing the virtual environment:How to defend the enterprise against attack
260 ## - PUBLICATION, DISTRIBUTION, ETC.
Name of publisher, distributor, etc. Wiley India
Date of publication, distribution, etc. 2012
366 ## - TRADE AVAILABILITY INFORMATION
Publishers's discount category 27
300 ## - PHYSICAL DESCRIPTION
Extent 425
546 ## - LANGUAGE NOTE
Language note ENGLISH
-- Computers
654 ## - SUBJECT ADDED ENTRY--FACETED TOPICAL TERMS
Focus term virtual
942 ## - ADDED ENTRY ELEMENTS (KOHA)
Koha item type BOOK
Holdings
Withdrawn status Lost status Damaged status Not for loan Collection Home library Current library Date acquired Source of acquisition Cost, normal purchase price Inventory number Total Checkouts Full call number Barcode Date last seen Cost, replacement price Price effective from Koha item type
        CRC Fr. Agnel's C.Rodrigues College of Engineering Fr. Agnel's C.Rodrigues College of Engineering 17/03/2023 Allied Publishers 510.27 289 dt 27.05.2015   5.8 OTT 23675 17/03/2023 699.00   BOOK